| 000 | 00797nam a22002777a 4500 | ||
|---|---|---|---|
| 001 | 200428028 | ||
| 003 | TR-AnTOB | ||
| 005 | 20260206144019.0 | ||
| 008 | 171201b xxu||||| |||| 00| 0 tur d | ||
| 020 | _a9786053111191 | ||
| 040 |
_aTR-AnTOB _beng _cTR-AnTOB _erda |
||
| 041 | _atur | ||
| 050 |
_aHC427.95 _b.K33 2016 |
||
| 090 |
_aHC 427.95 _b.K33 2016 |
||
| 100 |
_aKadılar, Rıza _eauthor _992029 |
||
| 245 | 1 |
_aÇin / _cRıza Kadılar. |
|
| 264 | 1 |
_aİstanbul : _bDestek, _c2016. |
|
| 300 |
_a365 pages : _c24 cm |
||
| 336 |
_atext _btxt _2rdacontent |
||
| 337 |
_aunmediated _bn _2rdamedia |
||
| 338 |
_avolume _bnc _2rdacarrier |
||
| 650 | 7 |
_aEkonomik kalkınma _zÇin _2etuturkob _991440 |
|
| 651 | 0 |
_aÇin _xEkonomik durum _y2000- _929973 |
|
| 942 |
_2lcc _cBK |
||
| 999 |
_c200428028 _d45952 |
||